00000000nam##2200000za#4500
0019.662641
003CaOODSP
00520210615120648
007ta
008150407|2001||||xxc|||||     f|0| 0 eng|d
020 |a0-662-65584-2
040 |aCaOODSP|beng
041 |aeng
041 |afre
043 |an-cn---
0861 |aE94-308/2001
1101 |aCanada.|bCanadian International Development Agency.
24510|aQuestions about culture, gender equality and development cooperation : |bdes questions soulevées
260 |aOttawa - Ontario : |bCanadian International Development Agency |c2001.
300 |aEnglish text, i, 14p. : |billus., references ; |c28 cm.
546 |aBilingual
563 |aSoftcover
590 |a01-17|b2001-04-27
69007|aInternational development|2gcpds
69007|aCulture|2gcpds
7760#|tCulture, égalité entre les sexes et coopération au développement : |w(CaOODSP)9.633133
7760#|tQuestions about culture, gender equality and development cooperation |w(CaOODSP)9.688717
792 |tCulture, égalité entre les sexes et coopération au développement : |efre|w(CaOODSP)9.662642